|
|
|
|
| LEADER |
00000nam0a2200000 4500 |
| 001 |
325183 |
| 005 |
20231102003735.0 |
| 035 |
|
|
|a (RuTPU)RU\TPU\book\350794
|
| 090 |
|
|
|a 325183
|
| 100 |
|
|
|a 20161130d1895 k y0rusy50 ca
|
| 101 |
1 |
|
|a rus
|c fre
|
| 102 |
|
|
|a RU
|
| 105 |
|
|
|a c z 001zd
|
| 200 |
1 |
|
|a Начала политической экономии
|f Д. Рикардо
|g пер. Н. В. Фабриканта
|
| 210 |
|
|
|a Москва
|c Типо-литография О. И. Лашкевич и Ко
|c Издание К. Т. Солдатенкова
|d 1895
|
| 215 |
|
|
|a XXXV, 287, II с. + [7], XXVIII, 119 с. + [2], II, XLIII, 136 с.
|c портр.
|
| 225 |
1 |
|
|a Библиотека экономистов. Редакция: М. Щепкин - И. Вернер
|h Вып. II
|
| 300 |
|
|
|a Конволют, нумерация страниц раздельная
|
| 300 |
|
|
|a Текст в русской дореформенной орфографии
|
| 316 |
|
|
|5 63413507: М-132040
|a Штамп-экслибрис И. Н. Бутакова, владельческая подпись: "Ник. Бочковский", на корешке инициалы: "Н. Б."
|
| 317 |
|
|
|5 63413507: М-132040
|a Поступила в НТБ в 1970 г. в составе книжного собрания профессора ТПИ И. Н. Бутакова
|
| 320 |
|
|
|a Постраничные примечания
|
| 423 |
|
|
|t Опыты
|f Д. Юм
|g пер. М. О. Гершензона
|d 1896
|d 1896
|s Библиотека экономистов. Редакция: М. Щепкин - И. Вернер
|a Бентам, Иеремия
|
| 423 |
|
|
|t Автобиография
|
| 423 |
|
|
|t Юм, как экономист
|f Л. Сэ
|
| 423 |
|
|
|t Принципы законодательства. О влиянии условий времени и места на законодательства. Руководство по политической экономии
|f И. Бентам
|g пер. М. О. Гершензона
|
| 423 |
|
|
|t Жизнь и деятельность Бентама
|f С. Раффалович
|
| 464 |
|
|
|t Жизнь и труды Давида Рикардо
|
| 600 |
|
1 |
|a Рикардо
|g Давид
|b Д.
|c английский экономист
|f 1772-1823
|2 stltpush
|3 (RuTPU)RU\TPU\pers\307
|
| 600 |
|
1 |
|a Юм
|g Дэвид
|b Д.
|c английский философ
|c историк
|c экономист
|f 1711-1776
|2 stltpush
|3 (RuTPU)RU\TPU\pers\416
|
| 600 |
|
1 |
|a Бентам
|b И.
|c английский философ, экономист, юрист
|f 1748-1832
|g Иеремия
|2 stltpush
|3 (RuTPU)RU\TPU\pers\10168
|9 2204
|
| 606 |
1 |
|
|a Экономические учения
|x История
|2 stltpush
|3 (RuTPU)RU\TPU\subj\26611
|9 50501
|
| 610 |
1 |
|
|a политическая экономия
|
| 610 |
1 |
|
|a экономическая теория
|
| 610 |
1 |
|
|a 18 век
|
| 610 |
1 |
|
|a 19 век
|
| 610 |
1 |
|
|a владельческая надпись
|
| 610 |
1 |
|
|a владельческие знаки
|
| 610 |
1 |
|
|a библиотека И. Н. Бутакова
|
| 686 |
|
|
|a У02
|v LBC/SL-A
|2 rubbk
|
| 700 |
|
1 |
|a Рикардо
|b Д.
|c английский экономист
|f 1772-1823
|g Давид
|2 stltpush
|3 (RuTPU)RU\TPU\pers\307
|9 151
|
| 702 |
|
1 |
|a Фабрикант
|b Н. В.
|4 730
|
| 801 |
|
1 |
|a RU
|b 63413507
|c 20161130
|
| 801 |
|
2 |
|a RU
|b 63413507
|c 20190722
|g RCR
|
| 942 |
|
|
|c BK
|